000 00586nam a2200217Ia 4500
005 20250923145750.0
008 008 250917s9999 xx 000 0 eng d
037 _aTextual
040 _aDSWL
_beng
_cDSWL
041 _aeng
_2eng
084 _aY11.2FN8, N86
_qDSWL
100 _aRaza, M.
_9838732
245 0 _aAtlas of the child in India
_cby M.Raza
260 _aNew Delhi
_bConcept
_c1986
300 _axx,475p.
365 _aINR
_b300.00
700 _a S. Nangia
_9838733
925 _g300.00
942 _cTEXL
_hY11.2FN8, N86
999 _c1455398
_d1455398